[Event "BRA-ch sf2 80th"]
[Site "Belem"]
[Date "2013.11.03"]
[Round "7"]
[White "Farias, Sergio Luiz Cardoso"]
[Black "Simao, Diogo Roger De Sous"]
[Result "0-1"]
[WhiteElo "1550"]
[BlackElo "1953"]
[PlyCount "82"]
[EventDate "2013.10.31"]
[EventType "swiss"]
[EventRounds "7"]
[EventCountry "BRA"]
[SourceTitle "EXT 2016"]
[Source "ChessBase"]
[SourceDate "2015.10.08"]
[SourceVersion "1"]
[SourceVersionDate "2015.10.08"]
[SourceQuality "1"]

1. e4 c6 2. Nf3 d5 3. exd5 cxd5 4. d4 Nc6 5. Bb5 a6 6. Ba4 Bd7 7. 0-0 Nf6 8. Be3 e6 9. c3 Bd6 10. Nbd2 0-0 11. Re1 h6 12. Nf1 b5 13. Bc2 b4 14. Qc1 bxc3 15. bxc3 Ng4 16. Bd2 f5 17. h3 Nf6 18. Nh4 Ne4 19. Nf3 Na5 20. Ne3 Bb5 21. a4 Bc4 22. Nxc4 Nxc4 23. Bf4 Rb8 24. Bxh6 gxh6 25. Qxh6 Qf6 26. Qc1 Rf7 27. Ra2 Rg7 28. Bd3 Qg6 29. Bf1 Qh5 30. Kh1 Kh8 31. Bxc4 dxc4 32. Nh2 Rgb7 33. Qe3 Rb2 34. g4 Nxf2+ 35. Kg1 Bxh2+ 36. Kf1 Qxh3+ 37. Qxh3+ Nxh3 38. Re2 Rxa2 39. Rxa2 fxg4 40. Rxh2 Kg7 41. Re2 Rb1+ 0-1

[Event "BRA-ch sf2 80th"]
[Site "Belem"]
[Date "2013.11.02"]
[Round "5"]
[White "Sales, Gerson de Assis"]
[Black "Simao, Diogo Roger De Sous"]
[Result "1-0"]
[WhiteElo "2169"]
[BlackElo "1953"]
[PlyCount "137"]
[EventDate "2013.10.31"]
[EventType "swiss"]
[EventRounds "7"]
[EventCountry "BRA"]
[SourceTitle "EXT 2016"]
[Source "ChessBase"]
[SourceDate "2015.10.08"]
[SourceVersion "1"]
[SourceVersionDate "2015.10.08"]
[SourceQuality "1"]

1. e4 c6 2. d4 d5 3. exd5 cxd5 4. c4 Nf6 5. Nc3 Nc6 6. Be3 g6 7. Rc1 Bg7 8. h3 a6 9. Nf3 Bf5 10. Be2 Be4 11. 0-0 0-0 12. a3 dxc4 13. Bxc4 Bd5 14. Nxd5 Nxd5 15. Bxd5 Qxd5 16. Rc2 Rad8 17. Rd2 Rd7 18. Qa4 Rfd8 19. Rfd1 Qf5 20. d5 Rxd5 21. Rxd5 Rxd5 22. Rxd5 Qxd5 23. Qc2 e5 24. Qd2 Nd4 25. Bxd4 exd4 26. Ne1 Qc4 27. Nd3 b5 28. Kf1 a5 29. Ke2 a4 30. Qf4 Qd5 31. Qf3 Qe6+ 32. Kf1 Qc4 33. Qd1 Bh6 34. Ke2 Qd5 35. Kf1 Qc4 36. Ke2 f5 37. Kf1 Qd5 38. f3 Be3 39. Qc2 Qc4 40. Qd1 Qc7 41. Ke2 Qc4 42. Kf1 Kg7 43. Ke2 Kf8 44. Ke1 Ke7 45. Ke2 Kd8 46. Ke1 Kc7 47. Ke2 Kd6 48. Ke1 Ke6 49. Qe2 Kf6 50. Qd1 g5 51. Ke2 h5 52. Kf1 Kg7 53. Ke2 Kf8 54. Kf1 Bc1 55. Kf2 Be3+ 56. Ke2 h4 57. Kf1 Bc1 58. Kg1 Bf4 59. Kf1 Qe6 60. Qc2 Qc4 61. Qd1 Bd6 62. Qd2 b4 63. axb4 Bxb4 64. Qxb4+ Qxb4 65. Nxb4 Ke7 66. Nc6+ Kd6 67. Nxd4 Ke5 68. Nb5 Kd5 69. Nc3+ 1-0

[Event "Natal Potiguar op"]
[Site "Natal"]
[Date "2013.07.07"]
[Round "6"]
[White "Simao, Diogo Roger De Sous"]
[Black "De Souza, Arthur Olintho"]
[Result "0-1"]
[WhiteElo "1892"]
[BlackElo "2100"]
[PlyCount "83"]
[EventDate "2013.07.05"]
[EventType "swiss"]
[EventRounds "6"]
[EventCountry "BRA"]
[SourceTitle "EXT 2014"]
[Source "ChessBase"]
[SourceDate "2013.11.20"]
[SourceVersion "1"]
[SourceVersionDate "2013.11.20"]
[SourceQuality "1"]

1. e4 c5 2. Nf3 Nc6 3. d4 cxd4 4. Nxd4 Nf6 5. Nc3 e5 6. Ndb5 d6 7. Nd5 Nxd5 8. exd5 Nb8 9. Be3 a6 10. Nc3 b5 11. a3 g6 12. Qd2 Bg7 13. Be2 0-0 14. Bh6 f5 15. h4 Nd7 16. h5 f4 17. Bxg7 Kxg7 18. hxg6 hxg6 19. Ne4 Nc5 20. Nxc5 dxc5 21. Qc3 Qd6 22. 0-0-0 Bf5 23. f3 b4 24. axb4 cxb4 25. Qc6 Rfd8 26. Qb7+ Bd7 27. c4 Rdb8 28. Qxb8 Rxb8 29. Rh4 Rh8 30. Rxh8 Kxh8 31. Bd3 Bf5 32. Kc2 Kg7 33. Be4 Kf6 34. Kb3 Ke7 35. Ra1 Qb6 36. Rh1 Bxe4 37. fxe4 a5 38. Rh7+ Kd6 39. Rg7 Kc5 40. Rg8 a4+ 41. Kxa4 Qa6+ 42. Kb3 0-1

[Event "Monte Alegre Potiguar-ch"]
[Site "Monte Alegre"]
[Date "2013.05.26"]
[Round "4"]
[White "Pinheiro, Ghabriel Alves"]
[Black "Simao, Diogo Roger De Sous"]
[Result "0-1"]
[WhiteElo "1831"]
[BlackElo "1863"]
[PlyCount "122"]
[EventDate "2013.05.25"]
[EventType "swiss"]
[EventRounds "5"]
[EventCountry "BRA"]
[SourceTitle "EXT 2015"]
[Source "ChessBase"]
[SourceDate "2014.11.20"]
[SourceVersion "1"]
[SourceVersionDate "2014.11.20"]
[SourceQuality "1"]

1. e4 c6 2. d4 d5 3. Nc3 dxe4 4. Nxe4 Bf5 5. Ng3 Bg6 6. h4 h6 7. Nf3 Nd7 8. h5 Bh7 9. Bd3 Bxd3 10. Qxd3 Ngf6 11. Ne4 e6 12. Bd2 Nxe4 13. Qxe4 Nf6 14. Qd3 Bd6 15. 0-0-0 Qc7 16. Rdg1 Ng4 17. Qe2 0-0-0 18. Nh4 Nf6 19. g4 Bf4 20. Nf3 Bxd2+ 21. Qxd2 c5 22. Qc3 cxd4 23. Qxc7+ Kxc7 24. Ne5 Rd5 25. f4 Rf8 26. Rd1 Ne4 27. Rh2 f6 28. Ng6 Rfd8 29. Re2 Nc5 30. b4 d3 31. Rh2 Ne4 32. cxd3 Rxd3 33. Rc2+ Rc3 34. Re1 Rxc2+ 35. Kxc2 Rd4 36. a3 Kd6 37. Re2 b5 38. Nh4 Kd5 39. Nf3 Rc4+ 40. Kb2 a6 41. Nh2 Rd4 42. Nf1 Kd6 43. Ne3 Rd2+ 44. Rxd2+ Nxd2 45. Kc3 Ne4+ 46. Kd4 Ng3 47. f5 e5+ 48. Kd3 Nh1 49. Ke2 e4 50. Kf1 Ke5 51. Kg2 Kd4 52. Nc2+ Kd3 53. Na1 e3 54. Nb3 Nf2 55. Kf3 Nxg4 56. Nc5+ Kd2 57. Ne4+ Kd1 58. Nc3+ Kc2 59. Ne4 Kb3 60. Nc5+ Kxa3 61. Nxa6 Kb2 0-1

[Event "Monte Alegre Potiguar-ch"]
[Site "Monte Alegre"]
[Date "2013.05.25"]
[Round "3"]
[White "Simao, Diogo Roger De Sous"]
[Black "Xavier, Lucca Lucas"]
[Result "0-1"]
[WhiteElo "1863"]
[BlackElo "1988"]
[PlyCount "128"]
[EventDate "2013.05.25"]
[EventType "swiss"]
[EventRounds "5"]
[EventCountry "BRA"]
[SourceTitle "EXT 2015"]
[Source "ChessBase"]
[SourceDate "2014.11.20"]
[SourceVersion "1"]
[SourceVersionDate "2014.11.20"]
[SourceQuality "1"]

1. e4 e5 2. Ne2 Nf6 3. Nbc3 Nc6 4. d4 exd4 5. Nxd4 Bb4 6. Nxc6 bxc6 7. Bd3 0-0 8. 0-0 d5 9. exd5 cxd5 10. Bg5 c6 11. a3 Bd6 12. h3 h6 13. Bd2 Rb8 14. Rb1 Be6 15. Qf3 Nd7 16. Bf4 Ne5 17. Qg3 Qf6 18. Rfe1 Nf3+ 19. Qxf3 Qxf4 20. Qxf4 Bxf4 21. Ne2 Be5 22. c3 Rb6 23. b4 Bf6 24. Nd4 Bd7 25. Rbc1 Re8 26. Rxe8+ Bxe8 27. Re1 Bd7 28. Re2 g6 29. Kf1 Kf8 30. Ke1 Bc8 31. Kd2 Ba6 32. Nb3 Bxd3 33. Kxd3 Rb7 34. Nd4 Rc7 35. Nb3 Re7 36. Na5 Rc7 37. Nb3 Be7 38. Kd4 f6 39. Nc5 Kf7 40. a4 Bd6 41. a5 Be5+ 42. Kd3 g5 43. f3 h5 44. g4 h4 45. a6 Ke7 46. Nb7 Kd7 47. Nc5+ Kc8 48. Na4 Re7 49. Nc5 Rc7 50. Nb7 Re7 51. Nc5 Kc7 52. Na4 Re8 53. Re1 Rd8 54. Nc5 Kb6 55. Nb7 Rd7 56. Nc5 Rd6 57. Nb7 Re6 58. Nc5 Re7 59. Re2 Bd6 60. Rxe7 Bxe7 61. Kd4 Bxc5+ 62. bxc5+ Kxa6 63. c4 dxc4 64. Kxc4 Ka5 0-1

[Event "Natal Potiguar op"]
[Site "Natal"]
[Date "2011.10.08"]
[Round "8"]
[White "Jordao Barbosa, Marcio Ferre"]
[Black "Simao, Diogo Roger De Sous"]
[Result "1-0"]
[WhiteElo "1839"]
[BlackElo "1864"]
[PlyCount "77"]
[EventDate "2011.10.01"]
[EventType "swiss"]
[EventRounds "9"]
[EventCountry "BRA"]
[SourceTitle "EXT 2012"]
[Source "ChessBase"]
[SourceDate "2011.11.24"]
[SourceVersion "1"]
[SourceVersionDate "2011.11.24"]
[SourceQuality "1"]

1. e4 e5 2. Nc3 c5 3. Bc4 d6 4. f4 Nc6 5. d3 Nf6 6. Nf3 Bg4 7. h3 Bxf3 8. Qxf3 Nd4 9. Qf2 Be7 10. 0-0 0-0 11. Nd5 Nxd5 12. Bxd5 Bh4 13. Qd2 exf4 14. c3 Nc6 15. Qxf4 Bf6 16. Bd2 Ne5 17. Qe3 Rb8 18. Kh1 b5 19. Rg1 Ng6 20. Raf1 b4 21. Rf2 bxc3 22. Bxc3 Bg5 23. Qf3 Qd7 24. Rgf1 Bf4 25. Kg1 Qe7 26. g3 Be5 27. Bxf7+ Kh8 28. Qh5 Bxg3 29. Bxg6 Bxf2+ 30. Rxf2 h6 31. Bf5 d5 32. Qg6 Qg5+ 33. Qxg5 hxg5 34. exd5 Rbe8 35. Be4 Rxf2 36. Kxf2 Kg8 37. Ba5 Kf7 38. d6 Ke6 39. Bc7 1-0

[Event "Natal Potiguar op"]
[Site "Natal"]
[Date "2011.10.01"]
[Round "1"]
[White "Simao, Diogo Roger De Sous"]
[Black "Barreto Filho, Carlos Alberto"]
[Result "0-1"]
[WhiteElo "1864"]
[BlackElo "2325"]
[PlyCount "118"]
[EventDate "2011.10.01"]
[EventType "swiss"]
[EventRounds "9"]
[EventCountry "BRA"]
[SourceTitle "EXT 2012"]
[Source "ChessBase"]
[SourceDate "2011.11.24"]
[SourceVersion "1"]
[SourceVersionDate "2011.11.24"]
[SourceQuality "1"]

1. e4 c5 2. Nf3 d6 3. d4 cxd4 4. Nxd4 Nf6 5. Nc3 Nc6 6. Nxc6 bxc6 7. e5 dxe5 8. Qxd8+ Kxd8 9. Be3 Kc7 10. Bc4 e6 11. 0-0 Nd5 12. Bd2 f6 13. Ne4 a5 14. b3 Be7 15. Be2 Rd8 16. c4 Nf4 17. Bxf4 exf4 18. Rfd1 Rxd1+ 19. Rxd1 a4 20. h3 axb3 21. axb3 Ra3 22. Rb1 Bb4 23. f3 f5 24. Nf2 Bc5 25. Kf1 Bd4 26. Nd3 e5 27. Ke1 g5 28. Kd1 e4 29. Nb4 Bc3 30. Nc2 Ra2 31. b4 Be6 32. Rb3 Be5 33. Ra3 Rxa3 34. Nxa3 Bf7 35. Kc2 h5 36. Bd1 Bg6 37. Kd2 e3+ 38. Kc1 Bf7 39. Be2 Be6 40. Nb1 Bd6 41. c5 Be5 42. Kc2 Bd7 43. Na3 Bf6 44. Nc4 Be6 45. Na3 g4 46. Nb1 Bh4 47. Kd1 Bb3+ 48. Kc1 Be1 49. b5 cxb5 50. Bxb5 Bb4 51. Be2 gxf3 52. gxf3 Bxc5 53. Kb2 Be6 54. Nc3 Kd6 55. Kc2 Ke7 56. Kd3 Kf6 57. Nb5 Kg5 58. Nc7 Bc8 59. Nd5 Ba6+ 0-1